Making transport work (Record no. 71648)

MARC details
000 -LEADER
fixed length control field 01051cam a2200205 4500
001 - CONTROL NUMBER
control field WB3844-22
008 - FIXED-LENGTH DATA ELEMENTS--GENERAL INFORMATION
fixed length control field 021127n2002 000 0 eng u
035 ## - SYSTEM CONTROL NUMBER
System control number (Sirsi) u120592
245 ## - TITLE STATEMENT
Title Making transport work
260 ## - PUBLICATION, DISTRIBUTION, ETC.
Date of publication, distribution, etc. 2002
490 ## - SERIES STATEMENT
Series statement RICS Press Release
Volume/sequential designation 27 November 2002, (2)
520 ## - SUMMARY, ETC.
Summary, etc. RICS report "Making transport work" highlights how co-operation between local government and businesses can make local transport plans more effective. Problems such as congestion charging, poor public transport interchanges, pedestrianisation and high car park fees are factors which need to be considered to promote economic sustainability. Copies of report available from t +44 (0)20 334 3723 or available to download from www.rics.org/pd RICS News Release www.rics.org/ricscms/bin/show?class=PressRelease&template=/includes/showpr.html&id=842&faculty=RICS
590 ## - LOCAL NOTE (RLIN)
Local note WB
650 ## - SUBJECT ADDED ENTRY--TOPICAL TERM
Topical term or geographic name entry element CONGESTION CHARGING
650 ## - SUBJECT ADDED ENTRY--TOPICAL TERM
Topical term or geographic name entry element LOCAL GOVERNMENT
650 ## - SUBJECT ADDED ENTRY--TOPICAL TERM
Topical term or geographic name entry element BUSINESSES
650 ## - SUBJECT ADDED ENTRY--TOPICAL TERM
Topical term or geographic name entry element LOCAL TRANSPORT PLANS
690 ## - LOCAL SUBJECT ADDED ENTRY--TOPICAL TERM (OCLC, RLIN)
Topical term or geographic name as entry element TRANSPORT
942 ## - ADDED ENTRY ELEMENTS (KOHA)
Suppress in OPAC 0
Holdings
Withdrawn status Lost status Source of classification or shelving scheme Damaged status Not for loan Home library Current library Shelving location Date acquired Total Checkouts Full call number Barcode Date last seen Copy number Price effective from Koha item type
    Dewey Decimal Classification     London London News article 27/11/2002   WB3844-22 120592-1001 06/08/2019 1 06/08/2019 News article